TINJAUAN RINGKAS PERI ILMU DAN PANDANGAN ISLAM / (Record no. 175128)

MARC details
000 -LEADER
fixed length control field 00842nam a22002657i 4500
003 - CONTROL NUMBER IDENTIFIER
control field PPAK
005 - DATE AND TIME OF LATEST TRANSACTION
control field 20191202105828.0
008 - FIXED-LENGTH DATA ELEMENTS--GENERAL INFORMATION
fixed length control field 191202t20192007my g 001 0 mayod
020 ## - INTERNATIONAL STANDARD BOOK NUMBER
International Standard Book Number 9789671570487
Terms of availability RM38.00
Qualifying information paperback
040 ## - CATALOGING SOURCE
Original cataloging agency PPAK
Language of cataloging eng
Transcribing agency PPAK
Description conventions rda
082 04 - DEWEY DECIMAL CLASSIFICATION NUMBER
Edition number 23
Classification number 297.2
090 00 - LOCALLY ASSIGNED LC-TYPE CALL NUMBER (OCLC); LOCAL CALL NUMBER (RLIN)
Classification number (OCLC) (R) ; Classification number, CALL (RLIN) (NR) 297.2
Feature heading ATT
Feature heading G
100 1# - MAIN ENTRY--PERSONAL NAME
Personal name Al-Attas, Syed Muhammad Naquib,
Titles and words associated with a name Tan Sri, Prof., Dr,
Dates associated with a name 1931-
Relator term author.
245 10 - TITLE STATEMENT
Title TINJAUAN RINGKAS PERI ILMU DAN PANDANGAN ISLAM /
Statement of responsibility, etc. oleh Syed Muhammad Naquib al-Attas
264 #1 - PRODUCTION, PUBLICATION, DISTRIBUTION, MANUFACTURE, AND COPYRIGHT NOTICE
Place of production, publication, distribution, manufacture Kuala Lumpur :
Name of producer, publisher, distributor, manufacturer Ta'dib International Sdn Bhd.,
Date of production, publication, distribution, manufacture, or copyright notice 2019
Date of production, publication, distribution, manufacture, or copyright notice ©2007
300 ## - PHYSICAL DESCRIPTION
Extent ix, 76 pages :
Dimensions 21 cm
336 ## - CONTENT TYPE
Source rdacontent
Content type term text
337 ## - MEDIA TYPE
Source rdamedia
Media type term unmediated
338 ## - CARRIER TYPE
Source rdacarrier
Carrier type term volume
500 ## - GENERAL NOTE
General note Includes index
650 10 - SUBJECT ADDED ENTRY--TOPICAL TERM
Topical term or geographic name entry element Islam
Form subdivision Doctrines
Topical term or geographic name entry element Faith (Islam)
942 ## - ADDED ENTRY ELEMENTS (KOHA)
Source of classification or shelving scheme Dewey Decimal Classification
Koha item type Book
Holdings
Withdrawn Not for loan Current library Shelving location Date acquired Total Checkouts Full call number Barcode Date last seen Date last checked out Koha item type
    Perpustakaan Alor Setar Pinjaman Dewasa 08/12/2019 4 297.2 ATT A01620167 08/01/2024 06/01/2024 Book
    Perpustakaan Awam Sungai Petani Pinjaman Dewasa 08/12/2019   297.2 ATT A01620168 08/12/2019   Book
    Perpustakaan Jitra Pinjaman Dewasa 08/12/2019 1 297.2 ATT A01620169 12/03/2023 26/02/2023 Book
    Perpustakaan Kulim Pinjaman Dewasa 08/12/2019   297.2 ATT A01620170 08/12/2019   Book